Southville International School and Colleges
Your cart is empty.
  • Cart
  • Lists
    Public lists Eva Luna New books Lux_list list_1
    Your lists Log in to create your own lists
  • Log in to your account
  • Your cookies
  • Search history
Southville International School and Colleges
  • Advanced search
  • Recent comments
  • Most popular
  • Libraries

Log in to your account

Log in with GOOGLE


If you do not have an external account, but do have a local account, you can still log in:

  1. Home
  2. MARC view: Introduction to research in education /
Normal view MARC view ISBD view

Introduction to research in education / (Record no. 24199)

[ view plain ]
MARC details
000 -LEADER
fixed length control field 00594nam a2200217 a 4500
005 - DATE AND TIME OF LATEST TRANSACTION
control field 20140310183512.0
008 - FIXED-LENGTH DATA ELEMENTS--GENERAL INFORMATION
fixed length control field 101013s19uu xx 00 eng d
020 ## - INTERNATIONAL STANDARD BOOK NUMBER
International Standard Book Number 9780495832522
050 ## - LIBRARY OF CONGRESS CALL NUMBER
Classification number LB 1028
Item number .Ar96 2010
100 ## - MAIN ENTRY--PERSONAL NAME
Personal name Ary, Donald
245 ## - TITLE STATEMENT
Title Introduction to research in education /
Statement of responsibility, etc Donald Ary.
250 ## - EDITION STATEMENT
Edition statement 8th
260 ## - PUBLICATION, DISTRIBUTION, ETC. (IMPRINT)
Place of publication, distribution, etc Singapore :
Name of publisher, distributor, etc Cengage Learning,
Date of publication, distribution, etc 2010.
300 ## - PHYSICAL DESCRIPTION
Extent 669 p. :
Other physical details ill. ;
Dimensions 28 cm.
521 ## - TARGET AUDIENCE NOTE
Target audience note
650 ## - SUBJECT ADDED ENTRY--TOPICAL TERM
Topical term or geographic name as entry element Research in education
700 ## - ADDED ENTRY--PERSONAL NAME
Personal name Jacobs, Lucy Cheser
700 ## - ADDED ENTRY--PERSONAL NAME
Personal name Sorensen, Chris
942 ## - ADDED ENTRY ELEMENTS (KOHA)
Koha item type Books
Source of classification or shelving scheme Library of Congress Classification
Call number prefix Foreign
Holdings
Withdrawn status Lost status Source of classification or shelving scheme Damaged status Home library Current library Shelving location Date acquired Source of acquisition Cost, normal purchase price Total Checkouts Full call number Barcode Date last seen Copy number Price effective from Koha item type
    Library of Congress Classification   College Library College Library General Circulation Section 10/13/2010 Donation 6204.00   LB 1028 .Ar96 2010 C11589 05/15/2018 1 10/18/2013 Books

Introduction to research in education /

APA

Ary D., Jacobs L. C. & Sorensen C. (2010). Introduction to research in education. Singapore: Cengage Learning.

Chicago

Ary Donald, Jacobs Lucy Cheser and Sorensen Chris. 2010. Introduction to research in education. Singapore: Cengage Learning.

Harvard

Ary D., Jacobs L. C. and Sorensen C. (2010). Introduction to research in education. Singapore: Cengage Learning.

MLA

Ary Donald, Jacobs Lucy Cheser and Sorensen Chris. Introduction to research in education. Singapore: Cengage Learning. 2010.

  • Place hold
  • Print
  • Cite
  • Add to your cart (remove)
  • Save record
    BIBTEX Dublin Core MARCXML MARC (non-Unicode/MARC-8) MARC (Unicode/UTF-8) MARC (Unicode/UTF-8, Standard) MODS (XML) RIS
  • More searches
    Search for this title in:
    Other Libraries (WorldCat) Other Databases (Google Scholar) Online Stores (Bookfinder.com) Open Library (openlibrary.org)

Exporting to Dublin Core...

SOUTHVILLE LIBRARY

Southville International School and Colleges Library

1281 Tropical Ave. Cor. Luxembourg St., BF Homes International, Las Pinas City

Tel. No. 8256374 / 252358 Loc. 117/146

Powered by Koha